East African Mammals. (Record no. 6502)

MARC details
000 -LEADER
fixed length control field 00578nam a22002057a 4500
003 - CONTROL NUMBER IDENTIFIER
control field OSt
005 - DATE AND TIME OF LATEST TRANSACTION
control field 20200128160358.0
008 - FIXED-LENGTH DATA ELEMENTS--GENERAL INFORMATION
fixed length control field 160427b xxu||||| |||| 00| 0 eng d
020 ## - INTERNATIONAL STANDARD BOOK NUMBER
International Standard Book Number 0226437213
040 ## - CATALOGING SOURCE
Transcribing agency DDC.
082 ## - DEWEY DECIMAL CLASSIFICATION NUMBER
Classification number 599.09676KIN 1984
100 ## - MAIN ENTRY--PERSONAL NAME
Personal name Kingdon,Jonathan;
9 (RLIN) 8361
245 ## - TITLE STATEMENT
Title East African Mammals.
Remainder of title An Atlas of Evolution in Africa. Carnivores.
250 ## - EDITION STATEMENT
Edition statement VOL IIIA
260 ## - PUBLICATION, DISTRIBUTION, ETC. (IMPRINT)
Place of publication, distribution, etc. Chicago.
Name of publisher, distributor, etc. University of Chicago Press.
Date of publication, distribution, etc. 1984
300 ## - PHYSICAL DESCRIPTION
Extent viii,476p;
Other physical details ill;
Dimensions 30cm.
504 ## - BIBLIOGRAPHY, ETC. NOTE
Bibliography, etc includes index.
650 ## - SUBJECT ADDED ENTRY--TOPICAL TERM
Topical term or geographic name as entry element Carnivores,
9 (RLIN) 8362
942 ## - ADDED ENTRY ELEMENTS (KOHA)
Source of classification or shelving scheme Dewey Decimal Classification
Koha item type Open Shelf
Holdings
Withdrawn status Lost status Source of classification or shelving scheme Damaged status Not for loan Home library Current library Date acquired Inventory number Total Checkouts Full call number Barcode Date last seen Koha item type
    Dewey Decimal Classification     MUST Main Library MUST Main Library 28/01/2020 05/23723   599.09676KIN 1984 2020-0181 28/01/2020 Open Shelf
    Dewey Decimal Classification     MUST Main Library MUST Main Library 28/01/2020 03/19957   599.09676KIN 1984 2020-0182 28/01/2020 Open Shelf
    Dewey Decimal Classification     MUST Main Library MUST Main Library 28/01/2020 03/19959   599.09676KIN 1984 2020-0183 28/01/2020 Open Shelf
    Dewey Decimal Classification     MUST Main Library MUST Main Library 28/01/2020 05/23721   599.09676KIN 1984 2020-0184 28/01/2020 Open Shelf